Normal view
MARC view
- Khan, Ahmed Hussain
Entry Personal Name
001 - CONTROL NUMBER
- control field: 14570
003 - CONTROL NUMBER IDENTIFIER
- control field: NUST
005 - DATE AND TIME OF LATEST TRANSACTION
- control field: 20190528054145.0
008 - FIXED-LENGTH DATA ELEMENTS
- fixed length control field: 190528|| aca||aabn | a|a d
040 ## - CATALOGING SOURCE
- Original cataloging agency: NUST
- Transcribing agency: NUST
100 ## - HEADING--PERSONAL NAME
- Personal name: Khan, Ahmed Hussain
670 ## - SOURCE DATA FOUND
- Source citation: Work cat.: (NUST): Khan, Ahmed Hussain, Shakespeare ka Yaadgar Afsanae / , 2015.
